A level psychology (Record no. 357304)

MARC details
000 -LEADER
fixed length control field 00499nam a2200181Ia 4500
008 - FIXED-LENGTH DATA ELEMENTS--GENERAL INFORMATION
fixed length control field 191130s1995##################000#0#eng##
020 ## - INTERNATIONAL STANDARD BOOK NUMBER
International Standard Book Number 9780333611715
040 ## - CATALOGING SOURCE
Original cataloging agency ACL
Transcribing agency ACL
082 ## - DEWEY DECIMAL CLASSIFICATION NUMBER
Classification number 150 DWY
100 ## - MAIN ENTRY--PERSONAL NAME
Personal name Dwyer, Diana
245 ## - TITLE STATEMENT
Title A level psychology
Statement of responsibility, etc. Diana Dwyer and Jane Scampion
260 ## - PUBLICATION, DISTRIBUTION, ETC.
Place of publication, distribution, etc. Basingstoke, Hampshire
Name of publisher, distributor, etc. Palgrave Macmillan
Date of publication, distribution, etc. 1995
300 ## - PHYSICAL DESCRIPTION
Extent 391 S : Ill
650 ## - SUBJECT ADDED ENTRY--TOPICAL TERM
Topical term or geographic name entry element Psychology
990 ## - EQUIVALENCES OR CROSS-REFERENCES [LOCAL, CANADA]
Link information for 9XX fields 9b9026a1ac10000c258a754048473150
991 ## -
-- 210733

No items available.

Find us on the map